Vývoj v oblasti bezpečnosti a ochrany zdravia pri práci a jej právna úprava
Problematika bezpečnosti a ochrany zdravia pri práci (BOZP). Právne dokumenty a predpisy v Slovenskej republike. Hlavný zdroj pracovných úrazov podľa platnej legislatívy SR. Rešpektovanie dohovorov Medzinárodnej organizácie práce, Európskej sociálnej charty, práva Európskej únie a stratégie Európske...
Salvato in:
| Autore principale: | |
|---|---|
| Natura: | Capitolo di libro |
| Lingua: | slovacco |
| Soggetti: | |
| Tags: |
Nessun Tag, puoi essere il primo ad aggiungerne!!
|
MARC
| LEADER | 00000naa$a2200000$$$4500 | ||
|---|---|---|---|
| 001 | 0112659 | ||
| 005 | 20220729111657.7 | ||
| 041 | 0 | |a slo | |
| 044 | |a SK | ||
| 245 | 1 | 0 | |a Vývoj v oblasti bezpečnosti a ochrany zdravia pri práci a jej právna úprava |c Martina Smutná |
| 520 | |a Problematika bezpečnosti a ochrany zdravia pri práci (BOZP). Právne dokumenty a predpisy v Slovenskej republike. Hlavný zdroj pracovných úrazov podľa platnej legislatívy SR. Rešpektovanie dohovorov Medzinárodnej organizácie práce, Európskej sociálnej charty, práva Európskej únie a stratégie Európskej komisie. | ||
| 610 | 2 | 0 | |a bezpečnosť práce |
| 610 | 2 | 0 | |a ochrana zdravia |
| 610 | 2 | 0 | |a zaťaženie pracovné |
| 610 | 2 | 0 | |a úrazy pracovné |
| 610 | 2 | 0 | |a nehody |
| 610 | 2 | 0 | |a choroby z povolania |
| 100 | 1 | |a Smutná, Martina | |